000 00423nam a2200145Ia 4500
008 230519s9999 xx 000 0 und d
020 _a978-93-86827-17-3
041 _aeng
082 _aCH/610.7343/GIL/DB0847
100 _aGill KK
245 _aTextbook of Community Health Nursing-I for GNM Nursing Students
260 _bCBS Publishers & Distributors
_aNew Delhi
_c2018
300 _a520
999 _c159460
_d159460